000 00172nam a22000857a 4500
001 1258709
005 20260324122911.0
245 _aYEŞİL YOL
_cSTEPHEN KING
260 _bALTIN
999 _c1258709
_d1258709